00487nam a2200121Ia 4500008004100000020001800041245012100059260002200180440005900202650001200261650004700273856004500320171212s9999 xx 000 0 und d a9781921313516 ceditor Smith, Benjamin R.;Morphy, FrancesaThe Social Effects of Native TitlebRecognition, Translation, Coexistence bANU E Pressc2007 aCentre for Aboriginal Economic Policy Research (CAEPR) aHistory aNative title (Australia) -- Social aspects uwww.jstor.org/stable/10.2307/j.ctt24hd8k